[Event "IECC Swiss-466.3"]
[Site "IECC email"]
[Date "2004.07.16"]
[Round "?"]
[White "Krunski, Jan Maria"]
[Black "Green, Everett"]
[Result "1-0"]
[WhiteElo "1683"]
[BlackElo "1723"]
[PlyCount "99"]
[EventDate "2004.??.??"]
[EventType "swiss (corr)"]
[EventRounds "1"]
[SourceTitle "Corr 2020"]
[Source "ChessBase"]
[SourceDate "2019.09.30"]
[SourceVersion "1"]
[SourceVersionDate "2019.09.30"]
[SourceQuality "1"]
[WhiteTeam "Poland"]
[BlackTeam "United States"]
[WhiteTeamCountry "POL"]
[BlackTeamCountry "USA"]

1. e4 e5 2. Nf3 Nf6 3. Nxe5 d6 4. Nf3 Nxe4 5. Qe2 Qe7 6. d3 Nf6 7. Bg5 Nc6 8. Bxf6 gxf6 9. Nc3 Qxe2+ 10. Bxe2 Be6 11. 0-0-0 0-0-0 12. d4 d5 13. Bb5 Ne7 14. h3 h5 15. Rde1 Ng6 16. Bd3 Nf4 17. Bf1 h4 18. Ne2 Bh6 19. Kb1 Nxe2 20. Bxe2 Bf4 21. Rhg1 Rdg8 22. Nxh4 Rxh4 23. g3 Bxg3 24. Bf1 Rxd4 25. fxg3 Rd2 26. Kc1 Rh2 27. Rd1 c6 28. Rd2 Rxd2 29. Kxd2 Rh8 30. c3 Kd7 31. h4 Kd6 32. Bd3 Bg4 33. Rf1 Rh6 34. b4 b6 35. a4 Bh3 36. Rh1 Bg2 37. Re1 Kd7 38. Bf5+ Kd8 39. Ke3 Rh5 40. Kf4 d4 41. cxd4 Rh6 42. b5 Rh8 43. Rc1 Re8 44. bxc6 Kc7 45. h5 Bd5 46. h6 Rh8 47. h7 Be6 48. g4 Bxf5 49. Kxf5 Rxh7 50. d5 1-0

[Event "IECC Swiss-466.2"]
[Site "IECC email"]
[Date "2003.12.15"]
[Round "?"]
[White "Green, Everett"]
[Black "Wozniak, Zbigniew"]
[Result "0-1"]
[WhiteElo "1691"]
[BlackElo "1796"]
[PlyCount "136"]
[EventDate "2003.??.??"]
[EventType "swiss (corr)"]
[EventRounds "1"]
[SourceTitle "Corr 2020"]
[Source "ChessBase"]
[SourceDate "2019.09.30"]
[SourceVersion "1"]
[SourceVersionDate "2019.09.30"]
[SourceQuality "1"]
[WhiteTeam "United States"]
[BlackTeam "Poland"]
[WhiteTeamCountry "USA"]
[BlackTeamCountry "POL"]

1. d4 d5 2. Nf3 Nf6 3. Bf4 c5 4. c3 Qb6 5. Qb3 Nc6 6. e3 c4 7. Qc2 Bf5 8. Qc1 h6 9. Nbd2 Rc8 10. Be2 e6 11. Bd1 Be7 12. Bc2 Bd3 13. Bxd3 cxd3 14. 0-0 Nh5 15. Nb3 a5 16. Qd2 g5 17. Bg3 0-0 18. Nc1 Nxg3 19. hxg3 g4 20. Ne1 Bd6 21. Nexd3 Qd8 22. Nf4 Qf6 23. Ncd3 Qf5 24. Qe2 Ne7 25. Rae1 a4 26. a3 Kg7 27. e4 dxe4 28. Qxe4 Qxe4 29. Rxe4 Kh7 30. Rfe1 Rc4 31. Ne5 Bxe5 32. Rxe5 b6 33. Rb5 Rc6 34. Rb4 Ra8 35. Re5 Rd6 36. Reb5 Ra6 37. Rc4 Nd5 38. Nxd5 exd5 39. Rc7 Kg6 40. Re7 Ra8 41. Re5 Ra5 42. Rxa5 bxa5 43. Kf1 f6 44. Re2 Kf5 45. Ke1 Rb6 46. Kd1 Kg6 47. Kc1 Kf7 48. Kb1 h5 49. Kc2 Rb8 50. Kd3 Rc8 51. c4 Rxc4 52. Rc2 Rxc2 53. Kxc2 Ke6 54. b3 axb3+ 55. Kxb3 Kf5 56. Ka4 Ke4 57. Kxa5 Kxd4 58. Kb4 Kd3 59. f3 d4 60. fxg4 hxg4 61. a4 Ke3 62. a5 d3 63. a6 d2 64. a7 d1Q 65. a8Q Qb1+ 66. Kc5 Kf2 67. Qd8 Qf5+ 68. Kb4 Kxg3 0-1

[Event "IECC CL4-2003.15 email"]
[Site "IECC email"]
[Date "2003.06.28"]
[Round "?"]
[White "Endean, Andrew"]
[Black "Green, Everett"]
[Result "1/2-1/2"]
[WhiteElo "1722"]
[BlackElo "1789"]
[PlyCount "76"]
[EventDate "2003.??.??"]
[EventType "tourn (corr)"]
[EventRounds "4"]
[SourceTitle "Corr 2008"]
[Source "ChessBase"]
[SourceDate "2008.06.24"]
[SourceVersion "1"]
[SourceVersionDate "2008.06.24"]
[SourceQuality "1"]

1. d4 f5 2. c4 Nf6 3. Nc3 d5 4. Nf3 e6 5. Bg5 Be7 6. e3 0-0 7. Bd3 c6 8. 0-0 Qe8 9. Rc1 Ne4 10. Bxe7 Qxe7 11. Qc2 Nd7 12. a3 Ndf6 13. Ne5 Bd7 14. f3 Nd6 15. c5 Nf7 16. b4 Nxe5 17. dxe5 Ne8 18. Ne2 Nc7 19. Nd4 a5 20. Ra1 axb4 21. axb4 Rxa1 22. Rxa1 Ra8 23. Rxa8+ Nxa8 24. Qa4 Nc7 25. Qa7 Bc8 26. Qb8 Qd7 27. f4 Kf7 28. Qa7 Ke7 29. Qb6 Kf7 30. b5 cxb5 31. Bxb5 Qe7 32. h3 h5 33. Be2 g6 34. g3 Na8 35. Qa5 Nc7 36. Kg2 Kg7 37. c6 bxc6 38. Nxc6 Qd7 1/2-1/2

[Event "IECC CL4-2003.15 email"]
[Site "IECC email"]
[Date "2003.06.28"]
[Round "?"]
[White "Green, Everett"]
[Black "Stoffers, Ben"]
[Result "0-1"]
[WhiteElo "1788"]
[BlackElo "1686"]
[PlyCount "66"]
[EventDate "2003.??.??"]
[EventType "tourn (corr)"]
[EventRounds "4"]
[SourceTitle "Corr 2008"]
[Source "ChessBase"]
[SourceDate "2008.06.24"]
[SourceVersion "1"]
[SourceVersionDate "2008.06.24"]
[SourceQuality "1"]

1. e4 c5 2. Nf3 Nc6 3. d4 cxd4 4. Nxd4 e5 5. Nxc6 bxc6 6. Bc4 Nf6 7. Qd3 d5 8. exd5 cxd5 9. Bb5+ Bd7 10. Bg5 Rb8 11. Bxd7+ Qxd7 12. 0-0 Ne4 13. Be3 Nc5 14. Bxc5 Bxc5 15. Rd1 0-0 16. b3 Rfd8 17. Nc3 Bd4 18. Rac1 Qc6 19. Ne2 Bc5 20. c3 Qf6 21. Qg3 a5 22. Rc2 Rb6 23. Rcd2 Rbd6 24. h3 Bb6 25. a3 h6 26. b4 Qe7 27. Nc1 Rg6 28. Qh2 e4 29. Re2 Bc7 30. Qh1 axb4 31. axb4 Be5 32. Na2 Qc7 33. Red2 Qc4 0-1

[Event "IECC CL4-2003.15 email"]
[Site "IECC email"]
[Date "2003.06.28"]
[Round "?"]
[White "Van Bommel, Ton"]
[Black "Green, Everett"]
[Result "1/2-1/2"]
[WhiteElo "1580"]
[BlackElo "1767"]
[PlyCount "128"]
[EventDate "2003.??.??"]
[EventType "tourn (corr)"]
[EventRounds "4"]
[SourceTitle "Corr 2008"]
[Source "ChessBase"]
[SourceDate "2008.06.24"]
[SourceVersion "1"]
[SourceVersionDate "2008.06.24"]
[SourceQuality "1"]

1. e4 e5 2. Nf3 Nc6 3. Nc3 Nf6 4. d4 exd4 5. Nd5 Nxe4 6. Qe2 f5 7. Ng5 d6 8. f3 d3 9. Qe3 Qxg5 10. Nxc7+ Kd8 11. Nxa8 Qh4+ 12. g3 Nxg3 13. Qg5+ Be7 14. Qxg3 dxc2 15. Qxh4 Bxh4+ 16. Kd2 Be6 17. Rg1 Bf6 18. Kxc2 Kd7 19. Bg5 Bxg5 20. Rxg5 g6 21. f4 Rxa8 22. Kd2 Bd5 23. Rg3 Re8 24. Rh3 Re7 25. a4 Be4 26. Rc1 Nd4 27. Bb5+ Ke6 28. Kc3 Nc6 29. b4 Nd8 30. Kd2 Kf6 31. Bc4 d5 32. Be2 Ne6 33. Rh4 h6 34. Rc3 Kg7 35. Rch3 Rc7 36. Rc3 Rxc3 37. Kxc3 g5 38. fxg5 hxg5 39. Rh3 d4+ 40. Kd2 Nf4 41. Rg3 Nxe2 42. Kxe2 Kf6 43. Rh3 a6 44. Rh8 g4 45. Rg8 Ke5 46. a5 Kf4 47. Rg6 d3+ 48. Kd2 Kf3 49. Rh6 Kg2 50. Ke3 Kf1 51. Rh8 Kg2 52. Rh6 Bc6 53. Kxd3 f4 54. Rf6 f3 55. Ke3 Kxh2 56. b5 Bxb5 57. Kf2 g3+ 58. Kxf3 Bc6+ 59. Ke2 g2 60. Rh6+ Kg3 61. Rg6+ Kf4 62. Kf2 Ke5 63. Rg4 Kd6 64. Rg5 Bd5 1/2-1/2

[Event "IECC CL3-2003.07 email"]
[Site "IECC email"]
[Date "2003.03.16"]
[Round "?"]
[White "Green, Everett"]
[Black "Malmstroem, Jan"]
[Result "0-1"]
[WhiteElo "1842"]
[BlackElo "1947"]
[PlyCount "32"]
[EventDate "2003.??.??"]
[EventType "tourn (corr)"]
[EventRounds "4"]
[SourceTitle "Corr 2008"]
[Source "ChessBase"]
[SourceDate "2008.06.24"]
[SourceVersion "1"]
[SourceVersionDate "2008.06.24"]
[SourceQuality "1"]

1. e4 e6 2. d4 d5 3. e5 c5 4. dxc5 Nc6 5. Nf3 Bxc5 6. Bd3 Nge7 7. Bf4 Qb6 8. 0-0 Qxb2 9. Nbd2 Ng6 10. Bxg6 hxg6 11. c4 Bb6 12. Re1 dxc4 13. Re2 Nd4 14. Nxd4 Qxd4 15. Be3 Qxe5 16. Bxb6 Qxh2+ 0-1

[Event "IECC CL3-2003.07 email"]
[Site "IECC email"]
[Date "2003.03.16"]
[Round "?"]
[White "Lyew, Merrill"]
[Black "Green, Everett"]
[Result "1-0"]
[WhiteElo "1703"]
[BlackElo "1809"]
[PlyCount "81"]
[EventDate "2003.??.??"]
[EventType "tourn (corr)"]
[EventRounds "4"]
[SourceTitle "Corr 2008"]
[Source "ChessBase"]
[SourceDate "2008.06.24"]
[SourceVersion "1"]
[SourceVersionDate "2008.06.24"]
[SourceQuality "1"]

1. e4 e5 2. Nf3 Nc6 3. Bb5 a6 4. Ba4 Nf6 5. 0-0 Nxe4 6. d4 b5 7. Bb3 d5 8. dxe5 Be6 9. c3 Bc5 10. Nbd2 0-0 11. Bc2 Nxf2 12. Rxf2 Bxf2+ 13. Kxf2 f6 14. exf6 Qxf6 15. Nf1 Ne5 16. Be3 Ng4+ 17. Kg1 Nxe3 18. Nxe3 c6 19. Qd3 g6 20. Qd4 Qxd4 21. Nxd4 Bd7 22. Rf1 Rae8 23. Rxf8+ Kxf8 24. Kf2 Ke7 25. b4 Kd6 26. Nb3 Re7 27. Bd3 Be8 28. a3 Bf7 29. g4 Bg8 30. Nc2 Kc7 31. Ncd4 Kd6 32. Nc5 Bf7 33. Nxa6 Ra7 34. Bxb5 Be8 35. Bd3 Bd7 36. a4 Bc8 37. Nc5 Bxg4 38. a5 Bf5 39. Bxf5 Rf7 40. Nce6 gxf5 41. Nxc6 1-0